ბათუმის შოთა რუსთაველის სახელმწიფო უნივერსიტეტის ბიბლიოთეკა

Найти идею: (ბიბ.ჩანაწერი № 62567)

000 -LEADER
fixed length control field 00784nam a22002057a 4500
005 - DATE AND TIME OF LATEST TRANSACTION
control field 20241209111521.0
008 - FIXED-LENGTH DATA ELEMENTS--GENERAL INFORMATION
fixed length control field 241209s2024 ru ||||| |||| 00| 0 rus d
020 ## - INTERNATIONAL STANDARD BOOK NUMBER
International Standard Book Number 9785961477047x
041 ## - LANGUAGE CODE
Language code of text/sound track or separate title rus
080 ## - UNIVERSAL DECIMAL CLASSIFICATION NUMBER
Universal Decimal Classification number 001.894 A-58
100 ## - MAIN ENTRY--PERSONAL NAME
Personal name Альтшуллер, Генрих
9 (RLIN) 23908
245 ## - TITLE STATEMENT
Title Найти идею:
Remainder of title Введение в ТРИЗ - теорию решения изобретательских задач /
Statement of responsibility, etc. Генрих Альтшуллер.
264 ## - PRODUCTION, PUBLICATION, DISTRIBUTION, MANUFACTURE, AND COPYRIGHT NOTICE
Place of production, publication, distribution, manufacture Москва :
Name of producer, publisher, distributor, manufacturer Альпина Паблишер,
Date of production, publication, distribution, manufacture, or copyright notice 2024.
300 ## - PHYSICAL DESCRIPTION
Extent 402 стр. ;
Other physical details 22 см.
653 ## - INDEX TERM--UNCONTROLLED
keyword მეცნიერება
653 ## - INDEX TERM--UNCONTROLLED
keyword მენეჯმენტი
653 ## - INDEX TERM--UNCONTROLLED
keyword ბიზნესი
653 ## - INDEX TERM--UNCONTROLLED
keyword ინჟინერია
942 ## - ADDED ENTRY ELEMENTS (KOHA)
Source of classification or shelving scheme
Koha item type წიგნი
ეგზემპლარები
Withdrawn status Lost status Source of classification or shelving scheme Damaged status Not for loan Permanent Location Current Location Shelving location Date acquired Cost, normal purchase price Full call number Barcode Date last seen Copy number Price effective from Koha item type Public note
          ბათუმის შოთა რუსთაველის სახელმწიფო უნივერსიტეტის მთავარი ბიბლიოთეკა ბათუმის შოთა რუსთაველის სახელმწიფო უნივერსიტეტის მთავარი ბიბლიოთეკა წიგნსაცავი 2024-12-09 44.00 001.894 A-58 69914 2024-12-09 69914 2024-12-09 წიგნი 44 ლ.